| 000 | 02322nam0a2200397 i 4500 | ||
|---|---|---|---|
| 001 | RU\NLR\BIBL_A\011009712 | ||
| 005 | 20260409075325.0 | ||
| 010 |
_a9785905790102 _9300 |
||
| 021 |
_aRU _b2016-14272 _9921 |
||
| 035 | _a(NILC)RuMoRGB-008156177 | ||
| 035 | _a(NLR Aleph) 011009712 | ||
| 090 |
_a11016177 _c11016177 |
||
| 100 | _a20160315d2016 km y0rusy50 ca | ||
| 101 | 0 | _arus | |
| 102 | _aRU | ||
| 105 | _ay|||z|||100yy | ||
| 200 | 1 |
_aБерегиня _eматериалы третьих международных социально-педагогических Калабалинских чтений, посвященных Г. К. Калабалиной (Москва, 1 октября 2015 года) _eсборник статей _fпод ред. [и сост.] Л. В. Мардахаева |
|
| 210 |
_aМосква _cПерспектива _d2016 |
||
| 215 |
_a161 с. _d21 |
||
| 300 | _aВ надзаг.: Международная акад. наук пед. образования, Союз социал. педагогов и социал. работников России, Рос. макарен. ассоц. [и др.] | ||
| 320 | _aБиблиогр. в конце ст. | ||
| 600 | 1 |
_aКалабалина _bГ. К. _f1909 - 1999 _gГалина Константиновна _jСъезды, совещания и т.п _xПедагогическое наследие _92290527 _3RU\NLR\AUTH\6601599319 |
|
| 606 |
_aДети _xВоспитание _jСъезды, совещания и т.п _3RU\NLR\AUTH\661449061 _92435031 |
||
| 675 | _a37.0 | ||
| 686 | 1 | _aЧ33(2Р)7-8Калабалина.я431 | |
| 686 | 1 | _aЧ313я431 | |
| 702 | 1 |
_4220 _8rus _7ca _aМардахаев _bЛ. В. _cд-р пед. наук _f1944-2024 _gЛев Владимирович _3RU\NLR\AUTH\77113961 _996886 |
|
| 702 | 1 |
_4570 _aКалабалина _bГ. К. _f1909-1999 _gГалина Константиновна _9151807 _3RU\NLR\AUTH\770151845 |
|
| 711 | 1 | 2 |
_aКалабалинские чтения _d3 _eМосква _f2015 _9509638 _3RU\NLR\AUTH\880422407 |
| 801 | 0 |
_aRU _bРГБ _c20160224 _gRCR |
|
| 801 | 2 |
_aRU _bРГБ _c20160302 _grcr |
|
| 801 | 1 |
_aRU _bРГБ _c20160224 _2rusmarc |
|
| 942 | _cBOOK | ||
| 980 | _aNBR | ||